<?xml version="1.0" encoding="UTF-8"?>
<record
    xmlns:xsi="http://www.w3.org/2001/XMLSchema-instance"
    xsi:schemaLocation="http://www.loc.gov/MARC21/slim http://www.loc.gov/standards/marcxml/schema/MARC21slim.xsd"
    xmlns="http://www.loc.gov/MARC21/slim">

  <leader>00629naa a2200157 i 4500</leader>
  <controlfield tag="001">9537</controlfield>
  <controlfield tag="003">KOSZ 005</controlfield>
  <controlfield tag="005">20180403144758.0</controlfield>
  <controlfield tag="008">180403s1997    pl  |  |     |000 ||pol</controlfield>
  <datafield tag="040" ind1=" " ind2=" ">
    <subfield code="c">KOSZ 005/HR</subfield>
  </datafield>
  <datafield tag="100" ind1="1" ind2=" ">
    <subfield code="a">MACIEIK, Les&#x142;aw.</subfield>
    <subfield code="d">1996 - 1999.</subfield>
    <subfield code="b">Politechnika Koszali&#x144;ska - Wydzia&#x142; In&#x17C;ynierii l&#x105;dowej i Sanitarnej.</subfield>
  </datafield>
  <datafield tag="245" ind1=" " ind2=" ">
    <subfield code="a">"Lekkie" docieplenia sprawdzaj&#x105; si&#x119; /</subfield>
    <subfield code="c">Les&#x142;aw Macieik, Jacek Katzer.</subfield>
  </datafield>
  <datafield tag="773" ind1="0" ind2=" ">
    <subfield code="i">W :</subfield>
    <subfield code="t">Warstwy. -</subfield>
    <subfield code="g">1997, nr 1, s. 78-79.</subfield>
    <subfield code="x">1425-3461</subfield>
  </datafield>
  <datafield tag="700" ind1="1" ind2=" ">
    <subfield code="a">KATZER, Jacek.</subfield>
    <subfield code="d">1996 - 1999.</subfield>
    <subfield code="b">Politechnika Koszali&#x144;ska - Wydzia&#x142; In&#x17C;ynierii L&#x105;dowej i Sanitarnej.</subfield>
  </datafield>
  <datafield tag="942" ind1=" " ind2=" ">
    <subfield code="c">ART</subfield>
    <subfield code="2">UKD</subfield>
  </datafield>
  <datafield tag="999" ind1=" " ind2=" ">
    <subfield code="c">9537</subfield>
    <subfield code="d">9537</subfield>
  </datafield>
</record>
